Sure to endure. (Record no. 12675)

000 -LEADER
fixed length control field 00612nam a2200193 a 4500
001 - CONTROL NUMBER
control field :::00010489$&:&@@
003 - CONTROL NUMBER IDENTIFIER
control field OkBaRHE
005 - DATE AND TIME OF LATEST TRANSACTION
control field 20000607103359.0
008 - FIXED-LENGTH DATA ELEMENTS--GENERAL INFORMATION
fixed length control field s1983 j 000 0 eng u
040 ## - CATALOGING SOURCE
Transcribing agency
100 1# - MAIN ENTRY--PERSONAL NAME
Personal name Lynchard, Danny.
245 10 - TITLE STATEMENT
Title Sure to endure.
260 ## - PUBLICATION, DISTRIBUTION, ETC. (IMPRINT)
Place of publication, distribution, etc Tulsa, OK., :
Name of publisher, distributor, etc Albury Press
Date of publication, distribution, etc c1983
300 ## - PHYSICAL DESCRIPTION
Extent 40 p. ;
Dimensions 18 cm.
650 ## - SUBJECT ADDED ENTRY--TOPICAL TERM
Topical term or geographic name as entry element Christian Life
942 ## - ADDED ENTRY ELEMENTS (KOHA)
Source of classification or shelving scheme
Koha item type Books
Copies
Barcode Koha item type Date acquired Source of classification or shelving scheme Full call number Price effective from Shelving location Lost status Date last seen Not for loan Withdrawn status Copy number Permanent Location Damaged status
10489Books2010-04-14 BV 4501 .L92010-04-14General Stacks 2010-04-14  1RHEMA Bible Training College 
15277Books2010-04-14 BV 4501 .L92010-04-14General Stacks 2010-04-14  2RHEMA Bible Training College